=LDR 00000nam 2200000 4500 =001 000147 =020 $9786025868559 =082 $153.000 =100 $Leo Babauta =245 $The One Skill =250 $Cetakan VI =264 $Yogyakarta: Bright Publisher 2024 =300 $viii, 108 halaman; 20 cm. =650 $Psikologi =905 $153 LEO o =336 $$a =337 $$a =338 $$a =005 20260702151432.0 =008 260702s2026\\\\\\\\\\\\\\\\\\\\\\\\\\\\\\\\\\\\\\\\\